<?xml version="1.0" encoding="UTF-8"?>
<record
    xmlns:xsi="http://www.w3.org/2001/XMLSchema-instance"
    xsi:schemaLocation="http://www.loc.gov/MARC21/slim http://www.loc.gov/standards/marcxml/schema/MARC21slim.xsd"
    xmlns="http://www.loc.gov/MARC21/slim">

  <leader>00472nam a2200181   4500</leader>
  <controlfield tag="003">SEACOMEC</controlfield>
  <controlfield tag="005">20241206130235.0</controlfield>
  <controlfield tag="008">241004b        |||||||| |||| 00| 0 eng d</controlfield>
  <datafield tag="020" ind1=" " ind2=" ">
    <subfield code="a">978-1403931511</subfield>
    <subfield code="c">375.00</subfield>
  </datafield>
  <datafield tag="040" ind1=" " ind2=" ">
    <subfield code="a">SEACOMEC</subfield>
  </datafield>
  <datafield tag="082" ind1=" " ind2=" ">
    <subfield code="a">003.1</subfield>
    <subfield code="b">S531</subfield>
  </datafield>
  <datafield tag="100" ind1=" " ind2=" ">
    <subfield code="a"> Sharma, 	J. K.</subfield>
  </datafield>
  <datafield tag="245" ind1=" " ind2=" ">
    <subfield code="a">Operations Research : Theory And Applications</subfield>
    <subfield code="c">/ J. K. Sharma</subfield>
  </datafield>
  <datafield tag="250" ind1=" " ind2=" ">
    <subfield code="a"> 3 Edition</subfield>
  </datafield>
  <datafield tag="260" ind1=" " ind2=" ">
    <subfield code="a">Kolkata:</subfield>
    <subfield code="b">Macmillan </subfield>
    <subfield code="c">2007</subfield>
  </datafield>
  <datafield tag="300" ind1=" " ind2=" ">
    <subfield code="a">1196 p</subfield>
  </datafield>
  <datafield tag="942" ind1=" " ind2=" ">
    <subfield code="c">BOOK</subfield>
  </datafield>
  <datafield tag="952" ind1=" " ind2=" ">
    <subfield code="0">0</subfield>
    <subfield code="1">0</subfield>
    <subfield code="2">ddc</subfield>
    <subfield code="4">0</subfield>
    <subfield code="7">0</subfield>
    <subfield code="a">SEACOMEC</subfield>
    <subfield code="b">SEACOMEC</subfield>
    <subfield code="d">2007-06-27</subfield>
    <subfield code="l">0</subfield>
    <subfield code="o">003.1 S531</subfield>
    <subfield code="p">7296</subfield>
    <subfield code="r">2024-10-04 15:59:58</subfield>
    <subfield code="w">2024-10-04</subfield>
    <subfield code="y">BOOK</subfield>
  </datafield>
  <datafield tag="952" ind1=" " ind2=" ">
    <subfield code="0">0</subfield>
    <subfield code="1">0</subfield>
    <subfield code="2">ddc</subfield>
    <subfield code="4">0</subfield>
    <subfield code="7">0</subfield>
    <subfield code="a">SEACOMEC</subfield>
    <subfield code="b">SEACOMEC</subfield>
    <subfield code="d">2007-06-27</subfield>
    <subfield code="l">0</subfield>
    <subfield code="o">003.1 S531</subfield>
    <subfield code="p">7297</subfield>
    <subfield code="r">2024-10-04 15:59:58</subfield>
    <subfield code="t">1</subfield>
    <subfield code="w">2024-10-04</subfield>
    <subfield code="y">BOOK</subfield>
  </datafield>
  <datafield tag="952" ind1=" " ind2=" ">
    <subfield code="0">0</subfield>
    <subfield code="1">0</subfield>
    <subfield code="2">ddc</subfield>
    <subfield code="4">0</subfield>
    <subfield code="7">0</subfield>
    <subfield code="a">SEACOMEC</subfield>
    <subfield code="b">SEACOMEC</subfield>
    <subfield code="d">2007-06-27</subfield>
    <subfield code="l">0</subfield>
    <subfield code="o">003.1 S531</subfield>
    <subfield code="p">7298</subfield>
    <subfield code="r">2024-10-04 15:59:58</subfield>
    <subfield code="t">2</subfield>
    <subfield code="w">2024-10-04</subfield>
    <subfield code="y">BOOK</subfield>
  </datafield>
  <datafield tag="952" ind1=" " ind2=" ">
    <subfield code="0">0</subfield>
    <subfield code="1">0</subfield>
    <subfield code="2">ddc</subfield>
    <subfield code="4">0</subfield>
    <subfield code="7">0</subfield>
    <subfield code="a">SEACOMEC</subfield>
    <subfield code="b">SEACOMEC</subfield>
    <subfield code="d">2007-06-27</subfield>
    <subfield code="l">0</subfield>
    <subfield code="o">003.1 S531</subfield>
    <subfield code="p">7299</subfield>
    <subfield code="r">2024-10-04 15:59:58</subfield>
    <subfield code="t">3</subfield>
    <subfield code="w">2024-10-04</subfield>
    <subfield code="y">BOOK</subfield>
  </datafield>
  <datafield tag="952" ind1=" " ind2=" ">
    <subfield code="0">0</subfield>
    <subfield code="1">0</subfield>
    <subfield code="2">ddc</subfield>
    <subfield code="4">0</subfield>
    <subfield code="7">0</subfield>
    <subfield code="a">SEACOMEC</subfield>
    <subfield code="b">SEACOMEC</subfield>
    <subfield code="d">2007-06-27</subfield>
    <subfield code="l">0</subfield>
    <subfield code="o">003.1 S531</subfield>
    <subfield code="p">7300</subfield>
    <subfield code="r">2024-10-04 15:59:58</subfield>
    <subfield code="t">4</subfield>
    <subfield code="w">2024-10-04</subfield>
    <subfield code="y">BOOK</subfield>
  </datafield>
  <datafield tag="952" ind1=" " ind2=" ">
    <subfield code="0">0</subfield>
    <subfield code="1">0</subfield>
    <subfield code="2">ddc</subfield>
    <subfield code="4">0</subfield>
    <subfield code="7">0</subfield>
    <subfield code="a">SEACOMEC</subfield>
    <subfield code="b">SEACOMEC</subfield>
    <subfield code="d">2007-06-27</subfield>
    <subfield code="l">0</subfield>
    <subfield code="o">003.1 S531</subfield>
    <subfield code="p">7301</subfield>
    <subfield code="r">2024-10-04 15:59:58</subfield>
    <subfield code="t">5</subfield>
    <subfield code="w">2024-10-04</subfield>
    <subfield code="y">BOOK</subfield>
  </datafield>
  <datafield tag="952" ind1=" " ind2=" ">
    <subfield code="0">0</subfield>
    <subfield code="1">0</subfield>
    <subfield code="2">ddc</subfield>
    <subfield code="4">0</subfield>
    <subfield code="7">0</subfield>
    <subfield code="a">SEACOMEC</subfield>
    <subfield code="b">SEACOMEC</subfield>
    <subfield code="d">2007-06-27</subfield>
    <subfield code="l">0</subfield>
    <subfield code="o">003.1 S531</subfield>
    <subfield code="p">7302</subfield>
    <subfield code="r">2024-10-04 15:59:58</subfield>
    <subfield code="t">6</subfield>
    <subfield code="w">2024-10-04</subfield>
    <subfield code="y">BOOK</subfield>
  </datafield>
  <datafield tag="952" ind1=" " ind2=" ">
    <subfield code="0">0</subfield>
    <subfield code="1">0</subfield>
    <subfield code="2">ddc</subfield>
    <subfield code="4">0</subfield>
    <subfield code="7">0</subfield>
    <subfield code="a">SEACOMEC</subfield>
    <subfield code="b">SEACOMEC</subfield>
    <subfield code="d">2007-06-27</subfield>
    <subfield code="l">0</subfield>
    <subfield code="o">003.1 S531</subfield>
    <subfield code="p">7303</subfield>
    <subfield code="r">2024-10-04 15:59:58</subfield>
    <subfield code="t">7</subfield>
    <subfield code="w">2024-10-04</subfield>
    <subfield code="y">BOOK</subfield>
  </datafield>
  <datafield tag="952" ind1=" " ind2=" ">
    <subfield code="0">0</subfield>
    <subfield code="1">0</subfield>
    <subfield code="2">ddc</subfield>
    <subfield code="4">0</subfield>
    <subfield code="7">0</subfield>
    <subfield code="a">SEACOMEC</subfield>
    <subfield code="b">SEACOMEC</subfield>
    <subfield code="d">2007-06-27</subfield>
    <subfield code="l">0</subfield>
    <subfield code="o">003.1 S531</subfield>
    <subfield code="p">7304</subfield>
    <subfield code="r">2024-10-04 15:59:58</subfield>
    <subfield code="t">8</subfield>
    <subfield code="w">2024-10-04</subfield>
    <subfield code="y">BOOK</subfield>
  </datafield>
  <datafield tag="952" ind1=" " ind2=" ">
    <subfield code="0">0</subfield>
    <subfield code="1">0</subfield>
    <subfield code="2">ddc</subfield>
    <subfield code="4">0</subfield>
    <subfield code="7">0</subfield>
    <subfield code="a">SEACOMEC</subfield>
    <subfield code="b">SEACOMEC</subfield>
    <subfield code="d">2007-06-27</subfield>
    <subfield code="l">0</subfield>
    <subfield code="o">003.1 S531</subfield>
    <subfield code="p">7305</subfield>
    <subfield code="r">2024-10-04 15:59:58</subfield>
    <subfield code="t">9</subfield>
    <subfield code="w">2024-10-04</subfield>
    <subfield code="y">BOOK</subfield>
  </datafield>
  <datafield tag="952" ind1=" " ind2=" ">
    <subfield code="0">0</subfield>
    <subfield code="1">0</subfield>
    <subfield code="2">ddc</subfield>
    <subfield code="4">0</subfield>
    <subfield code="7">0</subfield>
    <subfield code="a">SEACOMEC</subfield>
    <subfield code="b">SEACOMEC</subfield>
    <subfield code="d">2007-06-27</subfield>
    <subfield code="l">0</subfield>
    <subfield code="o">003.1 S531</subfield>
    <subfield code="p">7306</subfield>
    <subfield code="r">2024-10-04 15:59:58</subfield>
    <subfield code="t">10</subfield>
    <subfield code="w">2024-10-04</subfield>
    <subfield code="y">BOOK</subfield>
  </datafield>
  <datafield tag="952" ind1=" " ind2=" ">
    <subfield code="0">0</subfield>
    <subfield code="1">0</subfield>
    <subfield code="2">ddc</subfield>
    <subfield code="4">0</subfield>
    <subfield code="7">0</subfield>
    <subfield code="a">SEACOMEC</subfield>
    <subfield code="b">SEACOMEC</subfield>
    <subfield code="d">2007-06-27</subfield>
    <subfield code="l">0</subfield>
    <subfield code="o">003.1 S531</subfield>
    <subfield code="p">7307</subfield>
    <subfield code="r">2024-10-04 15:59:58</subfield>
    <subfield code="t">11</subfield>
    <subfield code="w">2024-10-04</subfield>
    <subfield code="y">BOOK</subfield>
  </datafield>
  <datafield tag="952" ind1=" " ind2=" ">
    <subfield code="0">0</subfield>
    <subfield code="1">0</subfield>
    <subfield code="2">ddc</subfield>
    <subfield code="4">0</subfield>
    <subfield code="7">0</subfield>
    <subfield code="a">SEACOMEC</subfield>
    <subfield code="b">SEACOMEC</subfield>
    <subfield code="d">2007-06-27</subfield>
    <subfield code="l">0</subfield>
    <subfield code="o">003.1 S531</subfield>
    <subfield code="p">7308</subfield>
    <subfield code="r">2024-10-04 15:59:58</subfield>
    <subfield code="t">12</subfield>
    <subfield code="w">2024-10-04</subfield>
    <subfield code="y">BOOK</subfield>
  </datafield>
  <datafield tag="952" ind1=" " ind2=" ">
    <subfield code="0">0</subfield>
    <subfield code="1">0</subfield>
    <subfield code="2">ddc</subfield>
    <subfield code="4">0</subfield>
    <subfield code="7">0</subfield>
    <subfield code="a">SEACOMEC</subfield>
    <subfield code="b">SEACOMEC</subfield>
    <subfield code="d">2007-06-27</subfield>
    <subfield code="l">0</subfield>
    <subfield code="o">003.1 S531</subfield>
    <subfield code="p">7309</subfield>
    <subfield code="r">2024-10-04 15:59:58</subfield>
    <subfield code="t">13</subfield>
    <subfield code="w">2024-10-04</subfield>
    <subfield code="y">BOOK</subfield>
  </datafield>
  <datafield tag="952" ind1=" " ind2=" ">
    <subfield code="0">0</subfield>
    <subfield code="1">0</subfield>
    <subfield code="2">ddc</subfield>
    <subfield code="4">0</subfield>
    <subfield code="7">0</subfield>
    <subfield code="a">SEACOMEC</subfield>
    <subfield code="b">SEACOMEC</subfield>
    <subfield code="d">2007-06-27</subfield>
    <subfield code="l">0</subfield>
    <subfield code="o">003.1 S531</subfield>
    <subfield code="p">7310</subfield>
    <subfield code="r">2024-10-04 15:59:58</subfield>
    <subfield code="t">14</subfield>
    <subfield code="w">2024-10-04</subfield>
    <subfield code="y">BOOK</subfield>
  </datafield>
  <datafield tag="952" ind1=" " ind2=" ">
    <subfield code="0">0</subfield>
    <subfield code="1">0</subfield>
    <subfield code="2">ddc</subfield>
    <subfield code="4">0</subfield>
    <subfield code="7">0</subfield>
    <subfield code="a">SEACOMEC</subfield>
    <subfield code="b">SEACOMEC</subfield>
    <subfield code="d">2007-06-27</subfield>
    <subfield code="l">0</subfield>
    <subfield code="o">003.1 S531</subfield>
    <subfield code="p">7311</subfield>
    <subfield code="r">2024-10-04 15:59:58</subfield>
    <subfield code="t">15</subfield>
    <subfield code="w">2024-10-04</subfield>
    <subfield code="y">BOOK</subfield>
  </datafield>
  <datafield tag="952" ind1=" " ind2=" ">
    <subfield code="0">0</subfield>
    <subfield code="1">0</subfield>
    <subfield code="2">ddc</subfield>
    <subfield code="4">0</subfield>
    <subfield code="7">0</subfield>
    <subfield code="a">SEACOMEC</subfield>
    <subfield code="b">SEACOMEC</subfield>
    <subfield code="d">2007-06-27</subfield>
    <subfield code="l">0</subfield>
    <subfield code="o">003.1 S531</subfield>
    <subfield code="p">7312</subfield>
    <subfield code="r">2024-10-04 15:59:58</subfield>
    <subfield code="t">16</subfield>
    <subfield code="w">2024-10-04</subfield>
    <subfield code="y">BOOK</subfield>
  </datafield>
  <datafield tag="952" ind1=" " ind2=" ">
    <subfield code="0">0</subfield>
    <subfield code="1">0</subfield>
    <subfield code="2">ddc</subfield>
    <subfield code="4">0</subfield>
    <subfield code="7">0</subfield>
    <subfield code="a">SEACOMEC</subfield>
    <subfield code="b">SEACOMEC</subfield>
    <subfield code="d">2007-06-27</subfield>
    <subfield code="l">0</subfield>
    <subfield code="o">003.1 S531</subfield>
    <subfield code="p">7313</subfield>
    <subfield code="r">2024-10-04 15:59:58</subfield>
    <subfield code="t">17</subfield>
    <subfield code="w">2024-10-04</subfield>
    <subfield code="y">BOOK</subfield>
  </datafield>
  <datafield tag="952" ind1=" " ind2=" ">
    <subfield code="0">0</subfield>
    <subfield code="1">0</subfield>
    <subfield code="2">ddc</subfield>
    <subfield code="4">0</subfield>
    <subfield code="7">0</subfield>
    <subfield code="a">SEACOMEC</subfield>
    <subfield code="b">SEACOMEC</subfield>
    <subfield code="d">2007-06-27</subfield>
    <subfield code="l">0</subfield>
    <subfield code="o">003.1 S531</subfield>
    <subfield code="p">7314</subfield>
    <subfield code="r">2024-10-04 15:59:58</subfield>
    <subfield code="t">18</subfield>
    <subfield code="w">2024-10-04</subfield>
    <subfield code="y">BOOK</subfield>
  </datafield>
  <datafield tag="952" ind1=" " ind2=" ">
    <subfield code="0">0</subfield>
    <subfield code="1">0</subfield>
    <subfield code="2">ddc</subfield>
    <subfield code="4">0</subfield>
    <subfield code="7">0</subfield>
    <subfield code="a">SEACOMEC</subfield>
    <subfield code="b">SEACOMEC</subfield>
    <subfield code="d">2007-06-27</subfield>
    <subfield code="l">0</subfield>
    <subfield code="o">003.1 S531</subfield>
    <subfield code="p">7315</subfield>
    <subfield code="r">2024-10-04 15:59:58</subfield>
    <subfield code="t">19</subfield>
    <subfield code="w">2024-10-04</subfield>
    <subfield code="y">BOOK</subfield>
  </datafield>
  <datafield tag="952" ind1=" " ind2=" ">
    <subfield code="0">0</subfield>
    <subfield code="1">0</subfield>
    <subfield code="2">ddc</subfield>
    <subfield code="4">0</subfield>
    <subfield code="7">0</subfield>
    <subfield code="a">SEACOMEC</subfield>
    <subfield code="b">SEACOMEC</subfield>
    <subfield code="d">2007-06-27</subfield>
    <subfield code="l">0</subfield>
    <subfield code="o">003.1 S531</subfield>
    <subfield code="p">7316</subfield>
    <subfield code="r">2024-10-04 15:59:58</subfield>
    <subfield code="t">20</subfield>
    <subfield code="w">2024-10-04</subfield>
    <subfield code="y">BOOK</subfield>
  </datafield>
  <datafield tag="952" ind1=" " ind2=" ">
    <subfield code="0">0</subfield>
    <subfield code="1">0</subfield>
    <subfield code="2">ddc</subfield>
    <subfield code="4">0</subfield>
    <subfield code="7">0</subfield>
    <subfield code="a">SEACOMEC</subfield>
    <subfield code="b">SEACOMEC</subfield>
    <subfield code="d">2007-06-27</subfield>
    <subfield code="l">0</subfield>
    <subfield code="o">003.1 S531</subfield>
    <subfield code="p">7317</subfield>
    <subfield code="r">2024-10-04 15:59:58</subfield>
    <subfield code="t">21</subfield>
    <subfield code="w">2024-10-04</subfield>
    <subfield code="y">BOOK</subfield>
  </datafield>
  <datafield tag="952" ind1=" " ind2=" ">
    <subfield code="0">0</subfield>
    <subfield code="1">0</subfield>
    <subfield code="2">ddc</subfield>
    <subfield code="4">0</subfield>
    <subfield code="7">0</subfield>
    <subfield code="a">SEACOMEC</subfield>
    <subfield code="b">SEACOMEC</subfield>
    <subfield code="d">2007-06-27</subfield>
    <subfield code="l">0</subfield>
    <subfield code="o">003.1 S531</subfield>
    <subfield code="p">7318</subfield>
    <subfield code="r">2024-10-04 15:59:58</subfield>
    <subfield code="t">22</subfield>
    <subfield code="w">2024-10-04</subfield>
    <subfield code="y">BOOK</subfield>
  </datafield>
  <datafield tag="952" ind1=" " ind2=" ">
    <subfield code="0">0</subfield>
    <subfield code="1">0</subfield>
    <subfield code="2">ddc</subfield>
    <subfield code="4">0</subfield>
    <subfield code="7">0</subfield>
    <subfield code="a">SEACOMEC</subfield>
    <subfield code="b">SEACOMEC</subfield>
    <subfield code="d">2007-06-27</subfield>
    <subfield code="l">0</subfield>
    <subfield code="o">003.1 S531</subfield>
    <subfield code="p">7319</subfield>
    <subfield code="r">2024-10-04 15:59:58</subfield>
    <subfield code="t">23</subfield>
    <subfield code="w">2024-10-04</subfield>
    <subfield code="y">BOOK</subfield>
  </datafield>
  <datafield tag="952" ind1=" " ind2=" ">
    <subfield code="0">0</subfield>
    <subfield code="1">0</subfield>
    <subfield code="2">ddc</subfield>
    <subfield code="4">0</subfield>
    <subfield code="7">0</subfield>
    <subfield code="a">SEACOMEC</subfield>
    <subfield code="b">SEACOMEC</subfield>
    <subfield code="d">2007-06-27</subfield>
    <subfield code="l">0</subfield>
    <subfield code="o">003.1 S531</subfield>
    <subfield code="p">7320</subfield>
    <subfield code="r">2024-10-04 15:59:58</subfield>
    <subfield code="t">24</subfield>
    <subfield code="w">2024-10-04</subfield>
    <subfield code="y">BOOK</subfield>
  </datafield>
  <datafield tag="952" ind1=" " ind2=" ">
    <subfield code="0">0</subfield>
    <subfield code="1">0</subfield>
    <subfield code="2">ddc</subfield>
    <subfield code="4">0</subfield>
    <subfield code="7">0</subfield>
    <subfield code="a">SEACOMEC</subfield>
    <subfield code="b">SEACOMEC</subfield>
    <subfield code="d">2008-04-08</subfield>
    <subfield code="l">0</subfield>
    <subfield code="o">003.1 S531</subfield>
    <subfield code="p">10741</subfield>
    <subfield code="r">2024-12-06 12:59:52</subfield>
    <subfield code="t">25</subfield>
    <subfield code="w">2024-12-06</subfield>
    <subfield code="y">BOOK</subfield>
  </datafield>
  <datafield tag="952" ind1=" " ind2=" ">
    <subfield code="0">0</subfield>
    <subfield code="1">0</subfield>
    <subfield code="2">ddc</subfield>
    <subfield code="4">0</subfield>
    <subfield code="7">0</subfield>
    <subfield code="a">SEACOMEC</subfield>
    <subfield code="b">SEACOMEC</subfield>
    <subfield code="d">2008-04-08</subfield>
    <subfield code="l">0</subfield>
    <subfield code="o">003.1 S531</subfield>
    <subfield code="p">10742</subfield>
    <subfield code="r">2024-12-06 12:59:52</subfield>
    <subfield code="t">26</subfield>
    <subfield code="w">2024-12-06</subfield>
    <subfield code="y">BOOK</subfield>
  </datafield>
  <datafield tag="952" ind1=" " ind2=" ">
    <subfield code="0">0</subfield>
    <subfield code="1">0</subfield>
    <subfield code="2">ddc</subfield>
    <subfield code="4">0</subfield>
    <subfield code="7">0</subfield>
    <subfield code="a">SEACOMEC</subfield>
    <subfield code="b">SEACOMEC</subfield>
    <subfield code="d">2008-04-08</subfield>
    <subfield code="l">0</subfield>
    <subfield code="o">003.1 S531</subfield>
    <subfield code="p">10743</subfield>
    <subfield code="r">2024-12-06 12:59:52</subfield>
    <subfield code="t">27</subfield>
    <subfield code="w">2024-12-06</subfield>
    <subfield code="y">BOOK</subfield>
  </datafield>
  <datafield tag="952" ind1=" " ind2=" ">
    <subfield code="0">0</subfield>
    <subfield code="1">0</subfield>
    <subfield code="2">ddc</subfield>
    <subfield code="4">0</subfield>
    <subfield code="7">0</subfield>
    <subfield code="a">SEACOMEC</subfield>
    <subfield code="b">SEACOMEC</subfield>
    <subfield code="d">2008-04-08</subfield>
    <subfield code="l">0</subfield>
    <subfield code="o">003.1 S531</subfield>
    <subfield code="p">10744</subfield>
    <subfield code="r">2024-12-06 12:59:52</subfield>
    <subfield code="t">28</subfield>
    <subfield code="w">2024-12-06</subfield>
    <subfield code="y">BOOK</subfield>
  </datafield>
  <datafield tag="952" ind1=" " ind2=" ">
    <subfield code="0">0</subfield>
    <subfield code="1">0</subfield>
    <subfield code="2">ddc</subfield>
    <subfield code="4">0</subfield>
    <subfield code="7">0</subfield>
    <subfield code="a">SEACOMEC</subfield>
    <subfield code="b">SEACOMEC</subfield>
    <subfield code="d">2008-04-08</subfield>
    <subfield code="l">0</subfield>
    <subfield code="o">003.1 S531</subfield>
    <subfield code="p">10745</subfield>
    <subfield code="r">2024-12-06 12:59:52</subfield>
    <subfield code="t">29</subfield>
    <subfield code="w">2024-12-06</subfield>
    <subfield code="y">BOOK</subfield>
  </datafield>
  <datafield tag="952" ind1=" " ind2=" ">
    <subfield code="0">0</subfield>
    <subfield code="1">0</subfield>
    <subfield code="2">ddc</subfield>
    <subfield code="4">0</subfield>
    <subfield code="7">0</subfield>
    <subfield code="a">SEACOMEC</subfield>
    <subfield code="b">SEACOMEC</subfield>
    <subfield code="d">2008-04-08</subfield>
    <subfield code="l">0</subfield>
    <subfield code="o">003.1 S531</subfield>
    <subfield code="p">10746</subfield>
    <subfield code="r">2024-12-06 12:59:52</subfield>
    <subfield code="t">30</subfield>
    <subfield code="w">2024-12-06</subfield>
    <subfield code="y">BOOK</subfield>
  </datafield>
  <datafield tag="952" ind1=" " ind2=" ">
    <subfield code="0">0</subfield>
    <subfield code="1">0</subfield>
    <subfield code="2">ddc</subfield>
    <subfield code="4">0</subfield>
    <subfield code="7">0</subfield>
    <subfield code="a">SEACOMEC</subfield>
    <subfield code="b">SEACOMEC</subfield>
    <subfield code="d">2008-04-08</subfield>
    <subfield code="l">0</subfield>
    <subfield code="o">003.1 S531</subfield>
    <subfield code="p">10747</subfield>
    <subfield code="r">2024-12-06 12:59:52</subfield>
    <subfield code="t">31</subfield>
    <subfield code="w">2024-12-06</subfield>
    <subfield code="y">BOOK</subfield>
  </datafield>
  <datafield tag="952" ind1=" " ind2=" ">
    <subfield code="0">0</subfield>
    <subfield code="1">0</subfield>
    <subfield code="2">ddc</subfield>
    <subfield code="4">0</subfield>
    <subfield code="7">0</subfield>
    <subfield code="a">SEACOMEC</subfield>
    <subfield code="b">SEACOMEC</subfield>
    <subfield code="d">2008-04-08</subfield>
    <subfield code="l">0</subfield>
    <subfield code="o">003.1 S531</subfield>
    <subfield code="p">10748</subfield>
    <subfield code="r">2024-12-06 12:59:52</subfield>
    <subfield code="t">32</subfield>
    <subfield code="w">2024-12-06</subfield>
    <subfield code="y">BOOK</subfield>
  </datafield>
  <datafield tag="952" ind1=" " ind2=" ">
    <subfield code="0">0</subfield>
    <subfield code="1">0</subfield>
    <subfield code="2">ddc</subfield>
    <subfield code="4">0</subfield>
    <subfield code="7">0</subfield>
    <subfield code="a">SEACOMEC</subfield>
    <subfield code="b">SEACOMEC</subfield>
    <subfield code="d">2008-04-08</subfield>
    <subfield code="l">0</subfield>
    <subfield code="o">003.1 S531</subfield>
    <subfield code="p">10749</subfield>
    <subfield code="r">2024-12-06 12:59:52</subfield>
    <subfield code="t">33</subfield>
    <subfield code="w">2024-12-06</subfield>
    <subfield code="y">BOOK</subfield>
  </datafield>
  <datafield tag="952" ind1=" " ind2=" ">
    <subfield code="0">0</subfield>
    <subfield code="1">0</subfield>
    <subfield code="2">ddc</subfield>
    <subfield code="4">0</subfield>
    <subfield code="7">0</subfield>
    <subfield code="a">SEACOMEC</subfield>
    <subfield code="b">SEACOMEC</subfield>
    <subfield code="d">2008-04-08</subfield>
    <subfield code="l">0</subfield>
    <subfield code="o">003.1 S531</subfield>
    <subfield code="p">10750</subfield>
    <subfield code="r">2024-12-06 12:59:52</subfield>
    <subfield code="t">34</subfield>
    <subfield code="w">2024-12-06</subfield>
    <subfield code="y">BOOK</subfield>
  </datafield>
  <datafield tag="999" ind1=" " ind2=" ">
    <subfield code="c">1743</subfield>
    <subfield code="d">1743</subfield>
  </datafield>
</record>
